<?xml version="1.0" encoding="UTF-8"?><?xml-stylesheet type="text/xsl" href="static/style.xsl"?><OAI-PMH xmlns="http://www.openarchives.org/OAI/2.0/" xmlns:xsi="http://www.w3.org/2001/XMLSchema-instance" xsi:schemaLocation="http://www.openarchives.org/OAI/2.0/ http://www.openarchives.org/OAI/2.0/OAI-PMH.xsd"><responseDate>2026-04-29T12:23:01Z</responseDate><request verb="GetRecord" identifier="oai:repisalud.isciii.es:20.500.12105/23706" metadataPrefix="marc">https://repisalud.isciii.es/rest/oai/request</request><GetRecord><record><header><identifier>oai:repisalud.isciii.es:20.500.12105/23706</identifier><datestamp>2024-11-28T21:38:35Z</datestamp><setSpec>com_20.500.12105_15322</setSpec><setSpec>com_20.500.12105_2051</setSpec><setSpec>col_20.500.12105_16967</setSpec></header><metadata><record xmlns="http://www.loc.gov/MARC21/slim" xmlns:dcterms="http://purl.org/dc/terms/" xmlns:doc="http://www.lyncode.com/xoai" xmlns:xsi="http://www.w3.org/2001/XMLSchema-instance" xsi:schemaLocation="http://www.loc.gov/MARC21/slim http://www.loc.gov/standards/marcxml/schema/MARC21slim.xsd">
   <leader>00925njm 22002777a 4500</leader>
   <datafield ind2=" " ind1=" " tag="042">
      <subfield code="a">dc</subfield>
   </datafield>
   <datafield ind2=" " ind1=" " tag="720">
      <subfield code="a">Parvanova, Aneliya</subfield>
      <subfield code="e">author</subfield>
   </datafield>
   <datafield ind2=" " ind1=" " tag="720">
      <subfield code="a">Abbate, Manuela</subfield>
      <subfield code="e">author</subfield>
   </datafield>
   <datafield ind2=" " ind1=" " tag="720">
      <subfield code="a">Yañez, Aina M</subfield>
      <subfield code="e">author</subfield>
   </datafield>
   <datafield ind2=" " ind1=" " tag="720">
      <subfield code="a">Bennasar-Veny, Miquel</subfield>
      <subfield code="e">author</subfield>
   </datafield>
   <datafield ind2=" " ind1=" " tag="720">
      <subfield code="a">López-González, Angel Arturo</subfield>
      <subfield code="e">author</subfield>
   </datafield>
   <datafield ind2=" " ind1=" " tag="720">
      <subfield code="a">Ramírez-Manent, José Ignacio</subfield>
      <subfield code="e">author</subfield>
   </datafield>
   <datafield ind2=" " ind1=" " tag="720">
      <subfield code="a">Iliev, Ilian Petrov</subfield>
      <subfield code="e">author</subfield>
   </datafield>
   <datafield ind2=" " ind1=" " tag="720">
      <subfield code="a">Fresneda, Sergio</subfield>
      <subfield code="e">author</subfield>
   </datafield>
   <datafield ind2=" " ind1=" " tag="720">
      <subfield code="a">Arias-Fernández, María</subfield>
      <subfield code="e">author</subfield>
   </datafield>
   <datafield ind2=" " ind1=" " tag="720">
      <subfield code="a">Remuzzi, Giuseppe</subfield>
      <subfield code="e">author</subfield>
   </datafield>
   <datafield ind2=" " ind1=" " tag="720">
      <subfield code="a">Ruggenenti, Piero</subfield>
      <subfield code="e">author</subfield>
   </datafield>
   <datafield ind2=" " ind1=" " tag="260">
      <subfield code="c">2023-05-23</subfield>
   </datafield>
   <datafield ind2=" " ind1=" " tag="520">
      <subfield code="a">Aims: To investigate the prevalence of metabolic dysfunction-associated fatty liver disease (MAFLD) in prediabetes, visceral obesity, and preserved kidney function, and explore whether MAFLD is associated with hyperfiltration. Methods: We analyzed data from 6697 Spanish civil servants, aged 18-65 years, with fasting plasma glucose ≥ 100 and ≤ 125 mg/dL (prediabetes, ADA), waist circumference ≥ 94 cm in men and ≥ 80 cm in women (visceral obesity, IDF) and de-indexed estimated glomerular filtration rate (eGFR) ≥ 60 ml/min, collected during occupational health visits. The association between MAFLD and hyperfiltration (eGFR > age- and sex-specific 95th percentile) was tested by multivariable logistic regression analyses. Results: Overall, 4213 patients (62.9%) had MAFLD, and 330 (4.9%) were hyperfiltering. MAFLD was more frequent in hyperfiltering than in non-hyperfiltering subjects (86.4% vs 61.7%, P &lt; 0.001). BMI, waist circumference, systolic, diastolic, mean arterial pressure, and prevalence of hypertension were higher in hyperfiltering than in non-hyperfiltering subjects (P &lt; 0.05). MAFLD was independently associated with hyperfiltration, even after adjusting for common confounders [OR (95% CI): 3.36 (2.33-4.84), P &lt; 0.001]. In stratified analyses MAFLD potentiated age-related eGFR decline vs. non-MAFLD (P &lt; 0.001). Conclusions: More than half of subjects with prediabetes, visceral obesity and eGFR ≥ 60 ml/min presented MAFLD that was associated with hyperfiltration and potentiated the age-related eGFR decline.</subfield>
   </datafield>
   <datafield ind1="8" ind2=" " tag="024">
      <subfield code="a">Parvanova A, Abbate M, Yañez AM, Bennasar-Veny M, López-González ÁA, Ramírez-Manent JI, et al. MAFLD and glomerular hyperfiltration in subjects with prediabetes, visceral obesity and preserved kidney function: A cross-sectional study. Diabetes Res Clin Pract. 2023 May 23;201:110729.</subfield>
   </datafield>
   <datafield ind1="8" ind2=" " tag="024">
      <subfield code="a">10.1016/j.diabres.2023.110729</subfield>
   </datafield>
   <datafield ind1="8" ind2=" " tag="024">
      <subfield code="a">1872-8227</subfield>
   </datafield>
   <datafield ind1="8" ind2=" " tag="024">
      <subfield code="a">Diabetes research and clinical practice</subfield>
   </datafield>
   <datafield ind1="8" ind2=" " tag="024">
      <subfield code="a">https://hdl.handle.net/20.500.13003/18992</subfield>
   </datafield>
   <datafield ind1="8" ind2=" " tag="024">
      <subfield code="a">37230296</subfield>
   </datafield>
   <datafield ind1="8" ind2=" " tag="024">
      <subfield code="a">L2024693682</subfield>
   </datafield>
   <datafield ind1="8" ind2=" " tag="024">
      <subfield code="a">2-s2.0-85160266340</subfield>
   </datafield>
   <datafield ind1="8" ind2=" " tag="024">
      <subfield code="a">https://hdl.handle.net/20.500.12105/23706</subfield>
   </datafield>
   <datafield ind1="8" ind2=" " tag="024">
      <subfield code="a">1013316700001</subfield>
   </datafield>
   <datafield ind2="0" ind1="0" tag="245">
      <subfield code="a">MAFLD and glomerular hyperfiltration in subjects with prediabetes, visceral obesity and "preserved" kidney function: A cross-sectional study</subfield>
   </datafield>
</record></metadata></record></GetRecord></OAI-PMH>